L'évolution du marché publicitaire.
Koniec zlatého veku v reklame. Vývoj vo svete. Tvrdá súťaživosť. Výdavky na reklamu v hlavných vyspelých krajinách. Diskusie o účinnosti nákladov na reklamu. Rozruch štruktúry na trhoch. Rozdelenie reklamného trhu na hlavné média. Nepriaznivejšie perspektívy pre média. (L'Exponsion 1990, 20.12.).
Salvato in:
| Autore principale: | |
|---|---|
| Natura: | Capitolo di libro |
| Lingua: | francese |
| Soggetti: | |
| Tags: |
Nessun Tag, puoi essere il primo ad aggiungerne!!
|
MARC
| LEADER | 00000naa a2200000 4500 | ||
|---|---|---|---|
| 001 | r004342 | ||
| 005 | 20221125091636.4 | ||
| 041 | 0 | |a fre | |
| 044 | |a FR | ||
| 245 | 1 | 0 | |a L'évolution du marché publicitaire. |c B. Lalanne |
| 520 | |a Koniec zlatého veku v reklame. Vývoj vo svete. Tvrdá súťaživosť. Výdavky na reklamu v hlavných vyspelých krajinách. Diskusie o účinnosti nákladov na reklamu. Rozruch štruktúry na trhoch. Rozdelenie reklamného trhu na hlavné média. Nepriaznivejšie perspektívy pre média. (L'Exponsion 1990, 20.12.). | ||
| 610 | 2 | 0 | |a reklama |
| 610 | 2 | 0 | |a trh |
| 610 | 2 | 0 | |a prostriedky masovokomunikačné |
| 100 | 1 | |a Lalanne, B. | |